| 000 | 01116nam a22002417a 4500 | ||
|---|---|---|---|
| 005 | 20250421103159.0 | ||
| 008 | 250421b |||||||| |||| 00| 0 eng d | ||
| 020 | _a978-93-88434-29-4 (hbk) | ||
| 037 | _cTB | ||
| 040 |
_aCRL _cCRL |
||
| 041 |
_2hin _ahin |
||
| 084 |
_aO152,3M80:g Q8 _qCRL |
||
| 245 |
_aप्रेमचंद: _bएक पुनर्मूल्यांकन |
||
| 260 |
_aनई दिल्ली, भारत: _bवाणी प्रकाशन, _c2018. |
||
| 300 | _a347पृ0 | ||
| 365 |
_b695.00 _cINR |
||
| 650 | _2हिन्दी कहानी | ||
| 650 | _2हिन्दी साहित्य | ||
| 700 |
_aराव, नागरत्ना एन. (संपादक) _9752514 |
||
| 700 |
_aटी. आर., सुमा (संपादक) _9752515 |
||
| 942 |
_2CC _cTB _hO152,3M80:g Q8 _n0 |
||
| 999 |
_c1309230 _d1309230 |
||